000 01258nam2a2200253 4500
001 rc\2885322
005 20260315052621.0
035 _a(NLR Aleph) 007037918
090 _a13586509
_c13586509
100 _a20110721d1931 u y0rusy50 ca
101 0 _arus
102 _aRU
105 _aa z |||||
200 0 _aУроки 1-4
210 _d[1931]
215 _a68 с.
_cил.
461 0 _1001rc\2885321
_12000#$aПрикладная физика$fПод ред. И. Васильева$gОгиз. Гос. науч.-техн. изд-во. Заоч. подготовка кадров ... ВСНХ-СССР. Моск. текстильный ин-т. Отд. массово-производ. просвещения. Сектор заоч. обуч. ... Общетехн. отд-ние$vУроки 1-4
_96068248
_aМосковский текстильный институт. Сектор заочного обучения
_c[Москва]
_d[1931]
_e2-е изд.
_fПод ред. И. Васильева
_nОгиз
_tПрикладная физика
_vУроки 1-4
700 1 _aБабаев
_bП.
701 1 _aВасилевский
_bГ.
801 0 _aRU
_bNLR
_gpsbo
801 1 _aRU
_bELAR
_2rusmarc
852 _aNLR
_j31-18/432 (1)
942 _cUNSPEC
980 _aNB